000 00337nam a2200145Ia 4500
008 191201s2005 xx 000 0 und d
082 _a621.317
_bPAP
100 _aPATRANBIS, D
245 0 _aPrinciples of Process Control
250 _a2nd
260 _aN.Delhi
_bTMH
_c2005
300 _a407
650 _aB.Tech(ECE)
942 _2ddc
_cBK
999 _c1383
_d1383